Učitavanje...

Introduction to theoretical physics,

Bibliografski detalji
Glavni autor: Slater, John C.
Format: Printed Book
Jezik:English
Izdano: New York and London, McGraw-Hill book company, inc., 1933.
Izdanje:1st ed.
Teme:
LEADER 00582cam a2200169u 4500
005 20200810151014.0
008 890818s1933 xx a 000 0 eng
082 |a 530.1  |b SLA 
100 1 |a Slater, John C.  |9 1263 
245 0 0 |a Introduction to theoretical physics, 
250 |a 1st ed. 
300 |a xx, 576 p.  |b diagrs.  |c 23 cm. 
653 |a Theoretical physics 
942 |c BK  |6 _ 
260 |a New York and London,  |b McGraw-Hill book company, inc.,  |c 1933. 
999 |c 210532  |d 210532 
952 |0 0  |1 0  |2 ddc  |4 0  |6 5301_SLA  |7 0  |9 268170  |a PHY  |b PHY  |d 2010-01-20  |o 530.1 SLA  |p phy000290  |r 2010-01-20  |w 2010-01-20  |y BK